Every Minecraft BEDROCK achievement - Statistics

General Stats
  • This quiz has been taken 9 times
  • The average score is 49 of 132
Answer Stats
Answer % Correct
Getting wood
75%
The end?
75%
The end
75%
Return to sender
63%
Delicious fish
50%
Diamonds!
50%
Feels like home
50%
Getting an upgrade
50%
Hot topic
50%
Into fire
50%
Iron man
50%
Taking inventory
50%
The end… again…
50%
Acquire hardware
38%
Adventuring time
38%
Alternative fuel
38%
Archer
38%
Atlantis?
38%
Bake bread
38%
Beam me up
38%
Benchmaking
38%
Birthday song
38%
Bullseye
38%
Buy low, sell high
38%
Camouflage
38%
Castaway
38%
Cheating death
38%
Cover me in debris
38%
Cow tipper
38%
Diamonds to you
38%
Dispense with this
38%
Do a barrel roll!
38%
Dry spell
38%
Echolocation
38%
Enchanter
38%
Feeling ill
38%
Fruit on the loom
38%
Great view from up here
38%
Have a shearful day
38%
Hot tourist destination
38%
Inception
38%
Into the nether
38%
Iron belly
38%
It’s a sign!
38%
It spreads
38%
I’ve got a bad feeling about this
38%
Kill the beast!
38%
Let it go!
38%
Librarian
38%
Lion hunter
38%
Master trader
38%
Me gold!
38%
MOAR tools
38%
Mob Kabob
38%
Monster hunter
38%
Moskstraumen
38%
On a rail
38%
One pickle, two pickle, sea pickle, four
38%
Oooh shiny!
38%
Overkill
38%
Over-overkill
38%
Overpowered
38%
Passing the time
38%
Planting the past
38%
Plethora of cats
38%
Pork chop
38%
Pot planter
38%
Rabbit season
38%
Rainbow collection
38%
Renewable energy
38%
Repopulation
38%
Saddle up
38%
Sail the seven seas
38%
Sleep with the fishes
38%
Smelt everything!
38%
Sneak 100
38%
Sniper duel
38%
So I got that going for me
38%
Sound of music
38%
Sound the alarm!
38%
Star trader
38%
Stayin’frosty
38%
Sticky situation
38%
Super fuel
38%
Super sonic
38%
Taste of your own medicine
38%
The beaconator
38%
The beginning?
38%
The beginning.
38%
The healing power of friendship!
38%
The lie
38%
Tie dye outfit
38%
Time for stew
38%
Time to farm!
38%
Time to mine!
38%
Time to strike!
38%
Total beelocation
38%
Trampoline
38%
Treasure hunter
38%
Wax on wax off
38%
Whatever floats your goat
38%
When pigs fly
38%
Where have you been?
38%
You need a mint
38%
Zombie doctor
38%
Ahoy!
25%
artificial selection
25%
Bee our guest
25%
Body guard
25%
Careful restoration
25%
Caves & cliffs
25%
Chestful of cobblestone
25%
Crafters crafting crafters
25%
Disenchanted
25%
Free diver
25%
Freight station
25%
Heart Transplanter
25%
I am a marine biologist
25%
Leader of the pack
25%
Local brewery
25%
Map room
25%
Organizational wizard
25%
Revaulting
25%
Smithing with style
25%
Stay Hydrated!
25%
The deep end
25%
The haggler
25%
Top of the world
25%
We’re being attacked!
25%
Who needs rockets?
25%
With our powers combined
25%
Zoologist
25%
No matching quizzes found
Score Distribution
Percent of People with Each Score
Percentile by Number Answered
Your Score History
You have not taken this quiz